| 000 | 00591nam a22001337a 4500 | ||
|---|---|---|---|
| 082 |
_a823 _bCRI/C |
||
| 100 | _aCRICHTON,MICHAEL | ||
| 245 | _aA CASE OF NEED | ||
| 260 |
_aARROW BOOKS _bLONDON |
||
| 300 | _a408 | ||
| 520 | _aA Case of Need is Michael Crichton's award-winning debut novel, written shortly after he completed his medical internship. Set against the ever-building pressure and pace of a large Boston medical center, the tensions flare-and explode-when a surgical operation tragically ends in death, raising countless questions. | ||
| 650 |
_aNOVEL, ENGLISH _zLONDON |
||
| 942 | _cBK | ||
| 999 |
_c2470 _d2470 |
||